Nobel prize conversations with Sir John Eccles, Roger Sperry, Ilya Prigogine, Brian Josephson / (Record no. 196339)

MARC details
000 -LEADER
campo de control de longitud fija 01303nam a2200361 i 4500
001 - NÚMERO DE CONTROL
campo de control 196339
003 - IDENTIFICADOR DE NÚMERO DE CONTROL
campo de control ES-MaACL
005 - FECHA Y HORA DE LA ÚLTIMA TRANSACCIÓN
campo de control 20241012063111.0
007 - CAMPO FIJO DE DESCRIPCIÓN FÍSICA--INFORMACIÓN GENERAL
campo de control de longitud fija ta
008 - DATOS DE LONGITUD FIJA--INFORMACIÓN GENERAL
campo de control de longitud fija 24091 s1985 us r 000 0 eng d
020 ## - NÚMERO INTERNACIONAL ESTÁNDAR DEL LIBRO
Número Internacional Estándar del Libro 0933071027
035 ## - NÚMERO DE CONTROL DEL SISTEMA
Número de control de sistema Rebiun28548324
040 ## - FUENTE DE CATALOGACIÓN
Centro catalogador/agencia de origen ES-BlULI
Lengua de catalogación spa
Centro/agencia transcriptor ES-MaACL
Centro/agencia modificador ES-MaACL
245 10 - MENCIÓN DEL TÍTULO
Título Nobel prize conversations with Sir John Eccles, Roger Sperry, Ilya Prigogine, Brian Josephson /
Mención de responsabilidad, etc. with a commentary by Norman Cousins.
246 ## - FORMA VARIANTE DEL TITULO
Título propio/Titulo breve Nobel prize conversations
260 ## - PUBLICACIÓN, DISTRIBUCIÓN, ETC.
Lugar de publicación, distribución, etc. San Francisco :
Nombre del editor, distribuidor, etc. Saybrook,
Fecha de publicación, distribución, etc. [cop. 1985]
300 ## - DESCRIPCIÓN FÍSICA
Extensión 210 p. ;
Dimensiones 22 cm.
336 ## - TIPO DE CONTENIDO
Fuente rdacontent
Término de tipo de contenido texto
337 ## - TIPO DE MEDIO
Fuente rdamedia
Nombre/término del tipo de medio sin mediación
338 ## - TIPO DE SOPORTE
Fuente rdacarrier
Nombre/término del tipo de soporte volumen
490 1# - MENCIÓN DE SERIE
Mención de serie Isthmus conversations
600 #0 - PUNTO DE ACCESO ADICIONAL DE MATERIA--NOMBRE DE PERSONA
Nombre de persona Eccles, John C.
Títulos y otros términos asociados al nombre Sir
9 (RLIN) 238742
650 04 - PUNTO DE ACCESO ADICIONAL DE MATERIA--TÉRMINO DE MATERIA
Término de materia o nombre geográfico como elemento de entrada Premios Nobel
9 (RLIN) 16350
655 #0 - TERMINO DE INDIZACIÓN--GENERO/FORMA
9 (RLIN) 234232
Datos o término principal de género/forma Entrevistas
700 0# - ENTRADA AGREGADA--NOMBRE PERSONAL
Nombre de persona Cousins, Norman
9 (RLIN) 41310
830 ## - PUNTO DE ACCESO ADICIONAL DE SERIE-TÍTULO UNIFORME
Título uniforme Isthmus conversations
9 (RLIN) 239118
852 ## - LOCALIZACIÓN
Ubicación ES-MaACL
Ubicación en estantería Depósito 1
Donativo/Legado Donación: José Manuel Duarte Cendán
itemnumber 204055
Número de control de estantería A-15396
903 ## - NOMBRE PERSONAL DE DONANTE
9 238529
a Duarte Cendán, José Manuel
q 1
e Donante
942 ## - ELEMENTOS DE ENTRADA SECUNDARIOS (KOHA)
Suprimir en OPAC No
Tipo de ítem Koha Libro impreso
Holdings
Estatus retirado Estado de pérdida Fuente del sistema de clasificación o colocación Estado de daño No para préstamo Biblioteca de origen Biblioteca actual Ubicación en estantería Fecha de adquisición Fuente de adquisición Total de préstamos Signatura topográfica completa Código de barras Visto por última vez Precio de reemplazo Tipo de ítem Koha
    Clasificación decimal universal     Biblioteca del Ateneo de Madrid Biblioteca del Ateneo de Madrid Depósito 1 16/09/2024 Donación   A-15396 101228853 16/09/2024 16/09/2024 Libro impreso